Дело об увольнении от службы с пенсионами артистов: Иванова, Галкина и Серкову. 1) Отношение вице-директора, при котором препров...

Доступно только в Электронных читальных залах Найти на картеНа карте
RUSMARC
00003968nmc2a22000003x 450
001d21c9c4e-7ac1-41ba-bf8f-73ee89d58181
00520181004235335.0
100##$a20161215l18161816k l0rusy0189 ca
1010#$arus
102##$aRU
2001#$aДело об увольнении от службы с пенсионами артистов: Иванова, Галкина и Серкову. 1) Отношение вице-директора, при котором препроводить: 2) представление об увольнении означенных артистов, положение по нему Театрального комитета; 3) копия с отношения статс-секретаря к министру финансов, при котором препровожден указ; 4) копия с выписки из журнала Комитета министров; 5) копия с отношения статс-секретаря к вице-директору; 6) копия с указа Кабинету
$j24 ноября - 5 декабря 1816 г.
251##$cДело
300##$aДело
801#0$aRU
$bРГИА
$c20161215
$gRCR
801#1$aRU
$bГлавНИВЦ
$c20161215
$2rusmarc
801#2$aRU
$bПБ им. Б.Н. Ельцина
$c20181004
$gRCR
$2rusmarc
850##$aРГИА
852##$aРГИА
$eФедеральное казенное учреждение "Российский государственный исторический архив" (РГИА)
$j1479
937##$hРГИА
$d12236299
$aASBIBLIO_SCAN
462#0$1001dd3991dc-24e1-42ec-8838-ca4255420416
$12001
$a1746-1850 гг.
$1251
$cОпись
$1852
$j1
461#0$10019264ebf8-de62-4f1a-9eb4-9f22098dbbd5
$12001
$aДирекция императорских театров МИДв
$1251
$cФонд
$1852
$j497
215##$a8 л.
$d36,5х26 см
371##$aДокумент не является опубликованным и широко распространяемым
105##$ay###
1222#$ad
035##$ad21c9c4e-7ac1-41ba-bf8f-73ee89d58181
856##$uhttp://readingroom.main.prlib.ru/item.aspx?id_node=n118918089&mode=full
Формат отображения